LEADER 01131nam a2200217 4500 001 000000341825 003 CaOOAMICUS 005 20200831155911.0 008 200831s2006 it a 000 u ita r 040 $aSeMil$bita 100 1 $aMalacaria, Davide.$0(OLS)http://semarc/name/112024 245 13$aLa Civiltà Cattolica e la Costituzione italiana :$b1946-2006 i sessant'anni dell'Assemblea costituente /$cvolume a cura di Davide Malacaria ; presentazione di Giovanni Sale. 264 1$aRoma :$bTrenta Giorni Società Cooperativa,$c2006. 300 $a28 p. :$bill. ;$c19 cm 650 4$aCiviltà Cattolica .$0(OLS)http://semarc/subject/5467 700 1 $aSale, Giovanni,$c.$0(OLS)http://semarc/name/89971 850 $aSeMil 852 $aSeMil$W1$xVenegono$y1$m5D XII 28/19$j221299$B232868$CSeMilBibl$Z2$F232868 $81 996 $6245$aLa Civiltà Cattolica e la Costituzione italiana :$b1946-2006 i sessant'anni dell'Assemblea costituente$9(OLS)http://semarc/title/430713 996 $6264$aRoma :$bTrenta Giorni Società Cooperativa$9(OLS)http://semarc/publisher/32101 LEADER 01069nam a2200253 i 4500 001 000000059189 003 CaOOAMICUS 005 20130912000000.0 008 130912s1967 it u000 u ita u 013 $a30361 040 $aSeMil$bita 100 1 $aDen Heuvel, Albert H. : Van.$0(OLS)http://semarc/name/30216 240 10$aAtheisme.$0(OLS)http://semarc/title/92442 245 10$aDibattito sull'ateismo /$cAlbert H. Van Den Heuvel ... [et al.] ; Editoriale di Enzo Giammancheri. 260 $aBrescia :$bQueriniana,$c1967. 300 $a205 p. ;$c20 cm. 490 0 $aGiornale di teologia ;$v15 650 4$aAteismo.$0(OLS)http://semarc/subject/2022 700 1 $aGiammancheri, Enzo .$0(OLS)http://semarc/name/6648 830 0$aGiornale di teologia ;$v15.$0(OLS)http://semarc/title/419620 850 $aSeMil 852 $aSeMil$W1$xVenegono$y1$m2XA G 15$j25342$B25342$CSeMilBibl$Z2$F25345 $81 996 $6245$aDibattito sull'ateismo$9(OLS)http://semarc/title/92441 996 $6260$aBrescia :$bQueriniana$9(OLS)http://semarc/publisher/29615